Lectures on P-adic Differntial Equations

Αποθηκεύτηκε σε:
Λεπτομέρειες βιβλιογραφικής εγγραφής
Κύριος συγγραφέας: Dwork, Bernard M.
Μορφή: Βιβλίο
Γλώσσα:English
Δημοσίευση: New York : Springer-Verlag, 1982
Σειρά:Grundlehren der mathematischen wissenschaften ; ; 253
Θέματα:
Ετικέτες: Προσθήκη ετικέτας
Δεν υπάρχουν, Καταχωρήστε ετικέτα πρώτοι!

MARC

LEADER 00000nam a2200000 i 4500
001 1/28277
008 960529s1982 eng d
020 |a 0-387-90714-9 
035 |a 1995  |l 10038035 
040 |a GR-MY-UA  |b gre  |e aacr 
041 0 |a eng 
082 0 |a 515.35 
100 1 |a Dwork, Bernard M. 
245 1 0 |a Lectures on P-adic Differntial Equations /  |c Bernard Dwork 
260 |a New York :   |b Springer-Verlag,   |c 1982 
300 |a 310 p.;  |c 24 cm. 
490 1 |a Grundlehren der mathematischen Wissenschaften  |v ; 253 
500 |a Includes bibliographicl references and index 
650 0 0 |a Differential equations. 
650 0 0 |a p-adic numbers. 
830 0 |a Grundlehren der mathematischen wissenschaften ;  |v ; 253 
852 |a INST  |b SAMOS  |e 19960529  |h 515.35 DWO  |p 005300005139  |q 005300005139  |t BK  |y 0 
909 |a Σ  |b 039313